000
00298nam a2200133Ia 4500
008
231129s1956||||xx |||||||||||||| ||spa||
040
_b
spa
082
_a
EU813 M754c
100
_a
Monsarrat Nicholas
245
0
_a
El castillo de garac
260
_c
1956
264
_a
Cumbre
942
_2
ddc
_c
BKS
999
_c
10535
_d
10535